|
|
|
|
| LEADER |
00712nam a22001697a 4500 |
| 008 |
150311b xxu||||| |||| 00| 0 eng d |
| 100 |
|
|
|a Bare Act
|
| 245 |
|
|
|a The Research & Development Cess Act, 1986
|
| 260 |
|
|
|a New Delhi
|b Universal Law Publsing Company
|c 2015
|
| 300 |
|
|
|a 8
|
| 500 |
|
|
|a
Include Index
|
| 650 |
|
|
|2 Research & Development Cess
|
| 942 |
|
|
|2 ddc
|c BARE ACT
|
| 999 |
|
|
|c 8045
|d 8045
|
| 952 |
|
|
|0 0
|1 0
|2 ddc
|4 0
|7 1
|9 10299
|a NUALS
|b NUALS
|d 2015-03-11
|g 30.00
|l 0
|p 10786
|r 2015-03-11
|w 2015-03-11
|y BARE ACT
|
| 952 |
|
|
|0 0
|1 0
|2 ddc
|4 0
|7 1
|9 10300
|a NUALS
|b NUALS
|d 2015-03-11
|l 0
|p 10785
|r 2015-03-11
|w 2015-03-11
|y BARE ACT
|
| 952 |
|
|
|0 0
|1 0
|2 ddc
|4 0
|7 1
|9 10301
|a NUALS
|b NUALS
|d 2015-03-11
|l 0
|p 10784
|r 2015-03-11
|w 2015-03-11
|y BARE ACT
|